000 00431nam a2200145 i 4500
001 bg
100 1 _aKLESZKO, Bogdan
245 0 _aProcesy innowacyjne w szkolnictwie wyższym /
_cB.Kleszko.
260 _aWarszawa,
_c1988.
040 _cBPK
041 _apol
942 _cKS
008 s pl f |000 0 pol
856 _uhttp://koha.tu.koszalin.pl/cgi-bin/koha/opac-detail.pl?biblionumber=28496
_yKatalog online BPK
999 _c28496
_d28496